[Event "Hoersching op 4th"]
[Site "Hoersching"]
[Date "2016.09.03"]
[Round "6"]
[White "Sandhoefner, Florian"]
[Black "Wiesner, Hans Dieter"]
[Result "1-0"]
[WhiteElo "2290"]
[BlackElo "2071"]
[PlyCount "87"]
[EventDate "2016.08.29"]
[EventType "swiss"]
[EventRounds "7"]
[EventCountry "AUT"]
[SourceTitle "CBM 174 Extra"]
[Source "ChessBase"]
[SourceDate "2016.10.10"]
[SourceVersion "1"]
[SourceVersionDate "2016.10.10"]
[SourceQuality "1"]

1. e4 c5 2. Nf3 e6 3. d4 cxd4 4. Nxd4 Nc6 5. Nc3 Qc7 6. f4 a6 7. Nxc6 bxc6 8. Bd3 Bc5 9. e5 f5 10. Qf3 Ne7 11. Be3 Qa7 12. Bxc5 Qxc5 13. 0-0-0 Nd5 14. Nxd5 cxd5 15. g4 fxg4 16. Qxg4 Bb7 17. Qxg7 0-0-0 18. Qg3 Rdg8 19. Qf3 Rg7 20. f5 exf5 21. Bxf5 Rf8 22. Rhf1 Kb8 23. Qh3 d4 24. Rfe1 Rg5 25. Bxh7 Rf2 26. Qxd7 Rxe5 27. Rxe5 Qxe5 28. Qd8+ Ka7 29. Qxd4+ Qxd4 30. Rxd4 Rxh2 31. Bd3 Kb6 32. b4 Bc6 33. Kb2 a5 34. a3 Rf2 35. Rg4 Rf6 36. Rg6 Rxg6 37. Bxg6 Kb5 38. c3 axb4 39. axb4 Bd5 40. Bd3+ Ka4 41. Bc2+ Kb5 42. Bb3 Be4 43. Ka3 Bd3 44. c4+ 1-0

[Event "Hoersching op 3rd"]
[Site "Hoersching"]
[Date "2015.09.01"]
[Round "2"]
[White "Heumel, Robert"]
[Black "Wiesner, Hans Dieter"]
[Result "0-1"]
[WhiteElo "1525"]
[BlackElo "2130"]
[PlyCount "62"]
[EventDate "2015.08.31"]
[EventType "swiss"]
[EventRounds "7"]
[EventCountry "AUT"]
[SourceTitle "EXT 2016"]
[Source "ChessBase"]
[SourceDate "2015.10.08"]
[SourceVersion "1"]
[SourceVersionDate "2015.10.08"]
[SourceQuality "1"]

1. e4 c5 2. Nc3 e6 3. f4 d5 4. d3 Nc6 5. Nf3 a6 6. b3 Nf6 7. Qe2 Nd4 8. Nxd4 cxd4 9. Nb1 dxe4 10. dxe4 Bd7 11. Qf3 Bb4+ 12. Bd2 Bc5 13. Bd3 0-0 14. 0-0 Rc8 15. Kh1 Bc6 16. Re1 b5 17. Qh3 g6 18. a4 b4 19. f5 exf5 20. exf5 Re8 21. Rxe8+ Qxe8 22. fxg6 hxg6 23. Qg3 a5 24. Bf4 Nh5 25. Qf2 Nxf4 26. Qxf4 Qe1+ 27. Qf1 Re8 28. Kg1 Qe3+ 29. Qf2 Qc1+ 30. Bf1 Qb2 31. Bc4 Re7 0-1

[Event "Hoersching op 1st"]
[Site "Hoersching"]
[Date "2013.03.25"]
[Round "4"]
[White "Wiesner, Hans Dieter"]
[Black "Charaus, Florian"]
[Result "1-0"]
[WhiteElo "2090"]
[BlackElo "1823"]
[PlyCount "95"]
[EventDate "2013.03.22"]
[EventType "swiss"]
[EventRounds "7"]
[EventCountry "AUT"]
[SourceTitle "CBM 153 Extra"]
[Source "ChessBase"]
[SourceDate "2013.04.22"]
[SourceVersion "1"]
[SourceVersionDate "2013.04.22"]
[SourceQuality "1"]

1. c4 Nf6 2. Nc3 e6 3. e4 d6 4. d4 Be7 5. Nf3 Nc6 6. h3 h6 7. Bd3 0-0 8. a3 e5 9. d5 Nb8 10. b4 a5 11. Rb1 Nbd7 12. g4 Nh7 13. Ne2 Ng5 14. Ng3 Nxf3+ 15. Qxf3 Bg5 16. Bb2 Nf6 17. Bc2 axb4 18. axb4 Re8 19. 0-0 g6 20. Ra1 Rxa1 21. Rxa1 Bd7 22. Ra7 Qb8 23. Ra1 Qd8 24. Bc3 Kg7 25. Ba4 Rh8 26. Bxd7 Qxd7 27. Ra7 h5 28. gxh5 Nxh5 29. Nxh5+ Rxh5 30. Qg4 Qxg4+ 31. hxg4 Rh4 32. Rxb7 Rxg4+ 33. Kf1 Bd8 34. f3 Rh4 35. Kg2 Rh8 36. c5 Re8 37. cxd6 cxd6 38. Rd7 Be7 39. f4 Kf8 40. fxe5 dxe5 41. d6 Bf6 42. Kf3 Re6 43. b5 Ke8 44. Rc7 Rxd6 45. Rc5 Re6 46. Ba5 Kd7 47. Rc7+ Kd6 48. b6 1-0

[Event "AUT-ch"]
[Site "Linz"]
[Date "2011.07.27"]
[Round "5"]
[White "Wiedermann, Daniel"]
[Black "Wiesner, Hans Dieter"]
[Result "1-0"]
[WhiteElo "2209"]
[BlackElo "2039"]
[PlyCount "59"]
[EventDate "2011.07.23"]
[EventType "swiss"]
[EventRounds "9"]
[EventCountry "AUT"]
[SourceTitle "CBM 143 Extra"]
[Source "ChessBase"]
[SourceDate "2011.08.29"]
[SourceVersion "1"]
[SourceVersionDate "2011.08.29"]
[SourceQuality "1"]

1. d4 Nf6 2. c4 e6 3. Nc3 Bb4 4. f3 d5 5. a3 Bxc3+ 6. bxc3 b6 7. cxd5 exd5 8. e3 0-0 9. Bd3 Ba6 10. Ne2 Re8 11. Ng3 c5 12. 0-0 Bxd3 13. Qxd3 Nc6 14. Ra2 Rc8 15. Re2 Rc7 16. Bb2 Na5 17. e4 c4 18. Qc2 Nb3 19. e5 Nd7 20. f4 b5 21. Qf5 Rc6 22. Qg4 Rg6 23. Qf3 Nb6 24. f5 Rh6 25. f6 Rg6 26. Nh5 gxf6 27. Nxf6+ Kg7 28. Nxe8+ Qxe8 29. Ref2 Qe6 30. Qh5 1-0

[Event "AUT-ch"]
[Site "Linz"]
[Date "2011.07.26"]
[Round "4"]
[White "Kummer, Helmut"]
[Black "Wiesner, Hans Dieter"]
[Result "1-0"]
[WhiteElo "2362"]
[BlackElo "2039"]
[PlyCount "93"]
[EventDate "2011.07.23"]
[EventType "swiss"]
[EventRounds "9"]
[EventCountry "AUT"]
[SourceTitle "CBM 143 Extra"]
[Source "ChessBase"]
[SourceDate "2011.08.29"]
[SourceVersion "1"]
[SourceVersionDate "2011.08.29"]
[SourceQuality "1"]

1. d4 Nf6 2. c4 e6 3. Nf3 b6 4. g3 Bb7 5. Bg2 Bb4+ 6. Bd2 a5 7. Nc3 0-0 8. 0-0 Re8 9. Rc1 Bf8 10. Qc2 d6 11. e4 Nbd7 12. Rcd1 Qc8 13. Rfe1 g6 14. h3 Rb8 15. e5 Nh5 16. g4 Ng7 17. Bf4 d5 18. cxd5 exd5 19. Qd2 Ne6 20. Ng5 Bb4 21. a3 Bxc3 22. bxc3 Ndf8 23. Nxe6 fxe6 24. Bh6 Re7 25. f4 Rf7 26. Rf1 c5 27. Rf2 Bc6 28. Kh2 Ba4 29. Rdf1 Bb5 30. Rg1 Rbb7 31. Bf1 c4 32. h4 Ba4 33. Bh3 b5 34. Rg3 b4 35. axb4 axb4 36. cxb4 Rfc7 37. Qc3 Qb8 38. Rb2 Bb3 39. f5 Qe8 40. Rf2 Rf7 41. Rgf3 Bd1 42. Rf4 gxf5 43. gxf5 exf5 44. Bxf5 Ng6 45. Qg3 Qe7 46. e6 Rf6 47. Bxg6 1-0

[Event "Vienna op-A 15th"]
[Site "Vienna"]
[Date "2006.07.31"]
[Round "3"]
[White "Beckmann, Klaus2222"]
[Black "Wiesner, Hans Dieter"]
[Result "1-0"]
[WhiteElo "2155"]
[BlackElo "2023"]
[PlyCount "77"]
[EventDate "2006.07.29"]
[EventType "swiss"]
[EventRounds "9"]
[EventCountry "AUT"]
[SourceTitle "CBM 113 Extra"]
[Source "ChessBase"]
[SourceDate "2006.09.14"]
[SourceVersion "1"]
[SourceVersionDate "2006.09.14"]
[SourceQuality "1"]

1. e4 g6 2. d4 Nf6 3. e5 Nh5 4. Be2 d6 5. f4 Ng7 6. Nf3 h5 7. Be3 Nf5 8. Bf2 Bh6 9. g3 b6 10. Nc3 Bb7 11. Bb5+ c6 12. Bd3 Bc8 13. Qe2 d5 14. Nd1 b5 15. Ne3 Nxe3 16. Bxe3 Bh3 17. Kf2 e6 18. a4 b4 19. c3 bxc3 20. bxc3 Nd7 21. Rhb1 Rb8 22. Rxb8 Qxb8 23. Rb1 Qc7 24. Qc2 Bf5 25. Bxf5 gxf5 26. c4 Nb6 27. cxd5 Nxd5 28. Bd2 Bf8 29. Qc4 a5 30. Bxa5 Qc8 31. Bd2 Be7 32. a5 h4 33. a6 hxg3+ 34. hxg3 Qa8 35. Rb7 0-0 36. Rb1 Rc8 37. Ra1 c5 38. a7 cxd4 39. Qxc8+ 1-0